01142nam a2200265Ia 4500003000900000008004100009020001800050040001600068080002200084111008700106245023200193260005800425300001700483490003400500650003800534650001800572650002000590700003300610700003000643700003100673710004900704942000700753999001700760952009900777IN-BaIIA211028s9999 xx 000 0 eng d a1-886733-94-5 cIIA Library a082.2:52bASP-172 aMeeting Astronomical Data Analysis Software and SystemscUSAd1998 Nov. 1-4928668 0aAstronomical data analysis software and systemsbviii, proceedings of a meeting held in Iurbana, llinois, USA, 1-4 Nov 1998cedited by D. M. Mehringer, R. L. Plante and D. A. Roberts  aCaliforniabAstronomical Society of the Pacificc1999 axxxix, 519p. aASP conference series; v. 172 aAstronomical data analysis918704 aAstronomy980 aSoftware915972 aMehringer, D. M., ed.928669 aPlante, R. L., ed.923898 aRoberts, D. A., ed.923899 aAstronomical Society of the PacificĀ 922919 cBK c15540d15540 00104070aBANbBANcGENd2003-12-02l0o082.2:52/ ASP-172p16462r2021-11-05w2003-12-02yBK